Tiembla Masaya: lecciones de un desastre /

Se analiza desde diversos puntos de vista, la catástrofe causada por los dos temblores ocuridos en Masaya, Nicaragua en donde se resumen las pérdidas tanto humanas como materiales, dibujándose así una población careciente de ayuda y débil intitucional, religiosa y politicamente para solucionar los p...

Mô tả đầy đủ

Đã lưu trong:
Chi tiết về thư mục
Tác giả chính: Rocha, José Luis
Định dạng: Texto
Những chủ đề:
Các nhãn: Thêm thẻ
Không có thẻ, Là người đầu tiên thẻ bản ghi này!

MARC

LEADER 00000 a a2200000 04500
001 7135
003
040
100 |a Rocha, José Luis  
245 |a Tiembla Masaya:  |b lecciones de un desastre /  |c José Luis Rocha 
520 |a Se analiza desde diversos puntos de vista, la catástrofe causada por los dos temblores ocuridos en Masaya, Nicaragua en donde se resumen las pérdidas tanto humanas como materiales, dibujándose así una población careciente de ayuda y débil intitucional, religiosa y politicamente para solucionar los problemas que la gran mayoría de la población está sufriendo. WMV  
650 |a DESASTRES  
650 |a CATASTROFES  
650 |a DESASTRES NATURALES  
650 |a SISMOS  
650 |a POBREZA  
773 |g volumen 19, número 221; páginas 14-24  
999 |c 24284  |d 24284